AMORE (L') (Record n. 105378)
[ formato base ]
| 000 -LEADER | |
|---|---|
| fixed length control field | 01760agaaa2200313 4500 |
| 001 - CONTROL NUMBER | |
| control field | 5459 |
| 003 - CONTROL NUMBER IDENTIFIER | |
| control field | IT-RoPAU |
| 005 - DATE AND TIME OF LATEST TRANSACTION | |
| control field | 20220918181232.0 |
| 007 - PHYSICAL DESCRIPTION FIXED FIELD--GENERAL INFORMATION | |
| fixed length control field | d cvaizq |
| 008 - FIXED-LENGTH DATA ELEMENTS--GENERAL INFORMATION | |
| fixed length control field | 50131s9999||||xx ||| | || ||und|| |
| 040 ## - CATALOGING SOURCE | |
| Original cataloging agency | IT-RoPAU |
| Transcribing agency | IT-RoPAU |
| 041 ## - LANGUAGE CODE | |
| Language code of text/sound track or separate title | ITALIANO |
| 100 ## - MAIN ENTRY--PERSONAL NAME | |
| Personal name | Godard Jean-Luc |
| Miscellaneous information | Codice regista SPICS: 5975 |
| 9 (RLIN) | 41066 |
| 130 ## - MAIN ENTRY--UNIFORM TITLE | |
| Uniform title | AMORE (L') |
| 9 (RLIN) | 41067 |
| 245 ## - TITLE STATEMENT | |
| Title | AMORE (L') |
| Statement of responsibility, etc. | Prodotto da: Lizzani Carlo -- Sceneggiatura: Godard Jean-Luc -- Diretto da: Godard Jean-Luc |
| Name of part/section of a work | AMORE E RABBIA (VANGELO '70) (Rif. Codice opera principale : H5455) |
| 250 ## - EDITION STATEMENT | |
| Edition statement | Edizione Standard |
| 260 ## - PUBLICATION, DISTRIBUTION, ETC. (IMPRINT) | |
| Place of publication, distribution, etc. | (ITALIA - FRANCIA) |
| Name of publisher, distributor, etc. | CASTORO FILM - ANOUCHKA FILM / Distribuzione: MEDIAWORLD |
| Date of manufacture | "1968 (1° ed.: 2005 ; Ed. Lingua Orig.: 1968)" |
| 300 ## - PHYSICAL DESCRIPTION | |
| Extent | DVD |
| Other physical details | sonoro, col. |
| Dimensions | 98 minuti |
| 508 ## - CREATION/PRODUCTION CREDITS NOTE | |
| Creation/production credits note | "Fotografia: Levent Alain; Montaggio: Guillemont Agnes; Musica: Fusco Giovanni; Sceneggiatura: Godard Jean-Luc; Scenografia: Scavia Mimmo; " |
| 511 ## - PARTICIPANT OR PERFORMER NOTE | |
| Participant or performer note | "Gueho Christine; Castelnuovo Nino; Jourdan Catherine; Pozzesi Paolo" |
| 520 ## - SUMMARY, ETC. | |
| Summary, etc. | EPISODIO DEL FILM AMORE E GUERRA. L'EPISODIO E' UNA RILETTURA IN CHIAVE POLITICA DELLA PARABOLA DEL FIGLIOL PRODIGO. DUE GIOVANI IMMAGINANO DI VEDEREUN FILM SULL'IMPOSSIBILE AMORE FRA LA RIVOLUZIONE E LA DEMOCRAZIA, IMPERSONATI DA UN REGISTA ITALIANO E UNA GIOVANE FRANCESE, CHE, NON POTENDO CONVIVERE PUR AMANDOSI, ALLA FINE RINUNCIANO. |
| 538 ## - SYSTEM DETAILS NOTE | |
| System details note | PAL, STEREO |
| 546 ## - LANGUAGE NOTE | |
| Language note | ITALIANO |
| 650 ## - SUBJECT ADDED ENTRY--TOPICAL TERM | |
| Topical term or geographic name as entry element | FILM A EPISODI |
| Relator term | DVD-FILM [DVD] |
| General subdivision | Codice MATERIA SPICS: 9947 |
| 9 (RLIN) | 36570 |
| 700 ## - ADDED ENTRY--PERSONAL NAME | |
| Personal name | Fusco Giovanni |
| Relator term | (musica) |
| Miscellaneous information | Codice Musica SPICS: 22982 |
| 9 (RLIN) | 41068 |
| 700 ## - ADDED ENTRY--PERSONAL NAME | |
| Personal name | Godard Jean-Luc |
| Relator term | (regista) |
| Miscellaneous information | Codice regista SPICS: 5975 |
| 9 (RLIN) | 41069 |
| 700 ## - ADDED ENTRY--PERSONAL NAME | |
| Personal name | Godard Jean-Luc |
| Relator term | (soggetto) |
| Miscellaneous information | Codice Soggetto SPICS: 5975 |
| 9 (RLIN) | 41070 |
| 942 ## - ADDED ENTRY ELEMENTS (KOHA) | |
| Koha item type | DVD |
| Source of classification or shelving scheme | Dewey Decimal Classification |
| Withdrawn status | Lost status | Damaged status | Not for loan | Home library | Current library | Date acquired | Total Checkouts | Full call number | Date last seen | Price effective from | Koha item type | Public note |
|---|---|---|---|---|---|---|---|---|---|---|---|---|
| Buone Condizioni | Not For Loan | SPICS-MEDIATECA | SPICS-MEDIATECA | 31/01/2015 | H5459 | 31/01/2015 | 31/01/2015 | DVD | Progr. Ins.: 3292 / N.Vol.:1 / Copie: 1 / Pag.:0 / Copia rara: n.d. / date import: 1.2.2015 / By Epidotti, Trombetti, Vaglietti |